[Event "Greek Team Championship"]
[Site "chess24.com"]
[Date "2017.07.06"]
[Round "5"]
[White "Pavlidis, Antonios"]
[Black "Goumas, Georgios"]
[Result "1-0"]
[Board "4"]
[WhiteElo "2540"]
[WhiteTitle "GM"]
[WhiteCountry "GRE"]
[WhiteFideId "4212312"]
[WhiteEloChange "3"]
[BlackElo "2417"]
[BlackTitle "FM"]
[BlackCountry "GRE"]
[BlackFideId "4208935"]
[BlackEloChange "-3"]

1. e4 {[%clk 1:30:57]} e6 {[%clk 1:21:52]} 2. d4 {[%clk 1:31:19]} d5 {[%clk
1:22:18]} 3. Nd2 {[%clk 1:30:45]} c5 {[%clk 1:22:38]} 4. exd5 {[%clk 1:30:47]}
Qxd5 {[%clk 1:22:59]} 5. Ngf3 {[%clk 1:31:11]} cxd4 {[%clk 1:23:23]} 6. Bc4
{[%clk 1:31:36]} Qd8 {[%clk 1:23:47]} 7. O-O {[%clk 1:30:26]} Nc6 {[%clk
1:24:09]} 8. Qe2 {[%clk 1:30:24]} a6 {[%clk 1:24:16]} 9. a4 {[%clk 1:30:51]} Be7
{[%clk 1:21:12]} 10. Rd1 {[%clk 1:29:01]} Qc7 {[%clk 1:13:43]} 11. Ne4 {[%clk
0:47:27]} Nf6 {[%clk 1:02:57]} 12. Nxd4 {[%clk 0:44:00]} Bd7 {[%clk 0:49:48]} 13.
Nf3 {[%clk 0:32:13]} Rc8 {[%clk 0:34:59]} 14. Ng3 {[%clk 0:25:45]} O-O {[%clk
0:31:07]} 15. b3 {[%clk 0:25:45]} Rfd8 {[%clk 0:20:10]} 16. Bb2 {[%clk 0:25:35]}
Be8 {[%clk 0:19:48]} 17. Ng5 {[%clk 0:17:53]} Rxd1+ {[%clk 0:14:08]} 18. Rxd1
{[%clk 0:18:19]} Nd8 {[%clk 0:13:18]} 19. N5e4 {[%clk 0:17:24]} Nxe4 {[%clk
0:08:32]} 20. Qxe4 {[%clk 0:17:50]} Qc5 {[%clk 0:07:01]} 21. h4 {[%clk 0:15:45]}
b5 {[%clk 0:04:30]} 22. Bd4 {[%clk 0:09:57]} Qc7 {[%clk 0:04:00]} 23. axb5 {[%clk
0:06:44]} axb5 {[%clk 0:03:52]} 24. Bd3 {[%clk 0:06:12]} f5 {[%clk 0:04:14]} 25.
Qe2 {[%clk 0:06:41]} Bf7 {[%clk 0:03:14]} 26. Nh5 {[%clk 0:05:39]} Nc6 {[%clk
0:02:56]} 27. Bb2 {[%clk 0:04:49]} Nb4 {[%clk 0:01:12]} 28. Nxg7 {[%clk 0:03:33]}
Nxd3 {[%clk 0:01:40]} 29. Qxd3 {[%clk 0:01:41]} Bf8 {[%clk 0:00:48]} 30. Nxf5
{[%clk 0:00:58]} exf5 {[%clk 0:01:16]} 31. Qd4 {[%clk 0:01:13]} Bg6 {[%clk
0:01:06]} 32. Qh8+ {[%clk 0:01:30]} Kf7 {[%clk 0:01:32]} 33. h5 {[%clk 0:01:49]}
Bh6 {[%clk 0:00:39]} 34. hxg6+ {[%clk 0:01:31]} Kxg6 {[%clk 0:01:06]} 35. Qf6+
{[%clk 0:01:58]} 1-0

[Event "Greek Team Championship"]
[Site "chess24.com"]
[Date "2017.07.06"]
[Round "5"]
[White "Brunello, Marina"]
[Black "Botsari, Anna-Maria"]
[Result "0-1"]
[Board "5"]
[WhiteElo "2367"]
[WhiteTitle "FM"]
[WhiteCountry "ITA"]
[WhiteFideId "822590"]
[WhiteEloChange "-12"]
[BlackElo "2314"]
[BlackTitle "WGM"]
[BlackCountry "GRE"]
[BlackFideId "4200446"]
[BlackEloChange "12"]

1. e4 {[%clk 1:30:57]} c5 {[%clk 1:30:33]} 2. Nf3 {[%clk 1:31:14]} e6 {[%clk
1:30:57]} 3. d4 {[%clk 1:31:41]} cxd4 {[%clk 1:31:22]} 4. Nxd4 {[%clk 1:32:04]}
Nc6 {[%clk 1:31:45]} 5. Nc3 {[%clk 1:32:11]} Qc7 {[%clk 1:32:09]} 6. Be2 {[%clk
1:32:26]} Nf6 {[%clk 1:32:12]} 7. O-O {[%clk 1:28:50]} Be7 {[%clk 1:23:20]} 8.
Be3 {[%clk 1:24:11]} O-O {[%clk 1:23:12]} 9. f4 {[%clk 1:15:07]} d6 {[%clk
1:23:26]} 10. Qe1 {[%clk 1:09:37]} Nxd4 {[%clk 1:23:15]} 11. Bxd4 {[%clk
1:09:58]} e5 {[%clk 1:23:43]} 12. Be3 {[%clk 0:43:33]} exf4 {[%clk 1:21:49]} 13.
Rxf4 {[%clk 0:43:57]} Be6 {[%clk 1:21:41]} 14. Rd1 {[%clk 0:41:54]} Qa5 {[%clk
0:59:11]} 15. Rf1 {[%clk 0:38:52]} Kh8 {[%clk 0:55:04]} 16. Kh1 {[%clk 0:28:33]}
Rac8 {[%clk 0:52:14]} 17. Bd4 {[%clk 0:27:28]} Nd7 {[%clk 0:40:53]} 18. a3 {[%clk
0:23:37]} a6 {[%clk 0:38:49]} 19. Qf2 {[%clk 0:23:48]} Qg5 {[%clk 0:35:34]} 20.
Be3 {[%clk 0:21:45]} Qg6 {[%clk 0:32:53]} 21. Bf4 {[%clk 0:21:27]} Nc5 {[%clk
0:28:10]} 22. Qe3 {[%clk 0:19:42]} Rfd8 {[%clk 0:18:18]} 23. Rf3 {[%clk 0:19:05]}
h6 {[%clk 0:15:27]} 24. Rg3 {[%clk 0:13:00]} Qh7 {[%clk 0:13:51]} 25. b4 {[%clk
0:12:45]} Nd7 {[%clk 0:13:58]} 26. Bxd6 {[%clk 0:12:16]} Bf6 {[%clk 0:08:55]} 27.
Na4 {[%clk 0:08:02]} Bh4 {[%clk 0:05:14]} 28. Rf3 {[%clk 0:07:45]} Re8 {[%clk
0:03:07]} 29. Rff1 {[%clk 0:06:26]} Bf5 {[%clk 0:02:01]} 30. Qf4 {[%clk 0:04:20]}
Rxe4 {[%clk 0:01:04]} 31. Qxf5 {[%clk 0:04:31]} Qxf5 {[%clk 0:01:33]} 32. Rxf5
{[%clk 0:04:55]} Rxe2 {[%clk 0:02:02]} 33. Rxf7 {[%clk 0:05:12]} Nf6 {[%clk
0:02:04]} 34. Bc7 {[%clk 0:03:00]} Rxc2 {[%clk 0:02:07]} 35. Nc5 {[%clk 0:02:48]}
Ng4 {[%clk 0:01:14]} 36. g3 {[%clk 0:02:05]} Nf2+ {[%clk 0:01:37]} 37. Kg1 {[%clk
0:02:07]} Nxd1 {[%clk 0:01:38]} 38. gxh4 {[%clk 0:02:32]} Re8 {[%clk 0:01:12]}
39. Rf1 {[%clk 0:02:26]} Nc3 {[%clk 0:01:03]} 40. Bg3 {[%clk 0:32:39]} Ne2+
{[%clk 0:31:25]} 0-1

[Event "Greek Team Championship"]
[Site "chess24.com"]
[Date "2017.07.06"]
[Round "5"]
[White "Tsolakidou, Stavroula"]
[Black "Avramidou, Anastasia"]
[Result "1-0"]
[Board "6"]
[WhiteElo "2359"]
[WhiteTitle "WGM"]
[WhiteCountry "GRE"]
[WhiteFideId "4264312"]
[WhiteEloChange "7"]
[BlackElo "2247"]
[BlackTitle "FM"]
[BlackCountry "GRE"]
[BlackFideId "4239873"]
[BlackEloChange "-7"]

1. e4 {[%clk 1:30:57]} e6 {[%clk 1:30:53]} 2. d4 {[%clk 1:31:20]} d5 {[%clk
1:31:18]} 3. Nc3 {[%clk 1:31:39]} Nf6 {[%clk 1:31:40]} 4. Bg5 {[%clk 1:32:01]}
dxe4 {[%clk 1:32:05]} 5. Nxe4 {[%clk 1:32:14]} Be7 {[%clk 1:32:28]} 6. Bxf6
{[%clk 1:32:19]} Bxf6 {[%clk 1:32:49]} 7. Nf3 {[%clk 1:32:28]} Nd7 {[%clk
1:33:13]} 8. Qe2 {[%clk 1:15:03]} O-O {[%clk 1:25:03]} 9. O-O-O {[%clk 1:15:24]}
c5 {[%clk 1:14:18]} 10. dxc5 {[%clk 0:56:38]} Qc7 {[%clk 1:10:53]} 11. Nxf6+
{[%clk 0:43:38]} Nxf6 {[%clk 1:10:54]} 12. Qe5 {[%clk 0:34:01]} Qa5 {[%clk
1:05:38]} 13. Kb1 {[%clk 0:33:02]} Nd7 {[%clk 0:59:06]} 14. Qg3 {[%clk 0:29:07]}
Nxc5 {[%clk 0:40:49]} 15. Rd4 {[%clk 0:25:48]} f6 {[%clk 0:29:02]} 16. Qd6 {[%clk
0:18:40]} Qb6 {[%clk 0:17:27]} 17. Qe7 {[%clk 0:12:54]} Qc6 {[%clk 0:10:05]} 18.
Bc4 {[%clk 0:11:20]} Re8 {[%clk 0:07:09]} 19. Rd8 {[%clk 0:09:03]} Rxd8 {[%clk
0:05:24]} 20. Qxd8+ {[%clk 0:09:27]} Kf7 {[%clk 0:05:50]} 21. Rd1 {[%clk
0:07:09]} Qe8 {[%clk 0:05:06]} 22. Qc7+ {[%clk 0:06:41]} Qe7 {[%clk 0:05:30]} 23.
Qf4 {[%clk 0:07:03]} Kf8 {[%clk 0:03:02]} 24. Ng5 {[%clk 0:05:22]} Kg8 {[%clk
0:03:12]} 25. Ne4 {[%clk 0:05:27]} Nxe4 {[%clk 0:01:29]} 26. Qxe4 {[%clk
0:05:54]} Rb8 {[%clk 0:01:20]} 27. Qf4 {[%clk 0:04:56]} Ra8 {[%clk 0:01:49]} 28.
Qd4 {[%clk 0:04:50]} b6 {[%clk 0:01:03]} 29. Re1 {[%clk 0:03:19]} Bd7 {[%clk
0:00:56]} 30. Qxd7 {[%clk 0:02:32]} Qxd7 {[%clk 0:01:21]} 31. Bxe6+ {[%clk
0:02:59]} Qxe6 {[%clk 0:01:44]} 32. Rxe6 {[%clk 0:03:26]} Kf7 {[%clk 0:01:34]}
33. Re3 {[%clk 0:03:10]} Rc8 {[%clk 0:01:11]} 34. Kc1 {[%clk 0:03:29]} Rc7 {[%clk
0:01:26]} 35. Kd2 {[%clk 0:03:39]} f5 {[%clk 0:00:57]} 36. b3 {[%clk 0:02:28]}
Kf6 {[%clk 0:01:01]} 37. c4 {[%clk 0:02:16]} Rd7+ {[%clk 0:00:35]} 38. Rd3 {[%clk
0:02:04]} Rc7 {[%clk 0:00:42]} 39. Rd5 {[%clk 0:01:09]} g5 {[%clk 0:00:42]} 40.
Kd3 {[%clk 0:30:37]} Re7 {[%clk 0:30:34]} 41. Kd2 {[%clk 0:23:54]} Rc7 {[%clk
0:29:27]} 42. a4 {[%clk 0:20:36]} h5 {[%clk 0:23:13]} 43. a5 {[%clk 0:16:14]}
bxa5 {[%clk 0:20:08]} 44. Rxa5 {[%clk 0:16:37]} h4 {[%clk 0:20:34]} 45. h3 {[%clk
0:10:21]} Ke6 {[%clk 0:14:20]} 46. f3 {[%clk 0:10:06]} Rg7 {[%clk 0:08:36]} 47.
Kc3 {[%clk 0:04:57]} g4 {[%clk 0:03:10]} 48. fxg4 {[%clk 0:04:13]} fxg4 {[%clk
0:03:35]} 49. hxg4 {[%clk 0:03:07]} Rxg4 {[%clk 0:04:04]} 50. Rxa7 {[%clk
0:02:37]} Rxg2 {[%clk 0:04:29]} 51. Rh7 {[%clk 0:03:04]} Rg3+ {[%clk 0:03:41]}
52. Kb4 {[%clk 0:02:46]} h3 {[%clk 0:03:52]} 53. Ka4 {[%clk 0:02:29]} Rc3 {[%clk
0:03:23]} 54. Rh4 {[%clk 0:01:43]} Kd7 {[%clk 0:01:44]} 55. b4 {[%clk 0:01:53]}
h2 {[%clk 0:00:39]} 56. Kb5 {[%clk 0:02:20]} Rc2 {[%clk 0:01:04]} 57. c5 {[%clk
0:02:47]} Rb2 {[%clk 0:00:37]} 58. Rh7+ {[%clk 0:02:09]} Kd8 {[%clk 0:00:48]} 59.
c6 {[%clk 0:02:01]} Kc8 {[%clk 0:00:35]} 60. Kc5 {[%clk 0:02:08]} Kb8 {[%clk
0:00:36]} 61. b5 {[%clk 0:02:26]} Kc8 {[%clk 0:00:31]} 62. Rh8+ {[%clk 0:02:49]}
Kc7 {[%clk 0:00:50]} 63. b6+ {[%clk 0:03:15]} 1-0

[Event "Greek Team Championship"]
[Site "chess24.com"]
[Date "2017.07.06"]
[Round "5"]
[White "Louka, Magdalini"]
[Black "Tsivelekidou, Evgenia"]
[Result "0-1"]
[Board "7"]
[WhiteElo "1703"]
[WhiteCountry "GRE"]
[WhiteFideId "4271246"]
[WhiteEloChange "-6"]
[BlackElo "1847"]
[BlackCountry "GRE"]
[BlackFideId "4274830"]
[BlackEloChange "6"]

1. c4 {[%clk 1:30:30]} e5 {[%clk 1:30:55]} 2. g3 {[%clk 1:31:19]} Nf6 {[%clk
1:31:17]} 3. Bg2 {[%clk 1:31:41]} d5 {[%clk 1:31:34]} 4. cxd5 {[%clk 1:31:03]}
Nxd5 {[%clk 1:31:57]} 5. Nc3 {[%clk 1:31:26]} Nb6 {[%clk 1:32:06]} 6. Nf3 {[%clk
1:30:12]} Nc6 {[%clk 1:32:17]} 7. d3 {[%clk 1:29:30]} Be7 {[%clk 1:32:03]} 8. O-O
{[%clk 1:29:34]} O-O {[%clk 1:32:08]} 9. b3 {[%clk 1:22:43]} Be6 {[%clk 1:30:43]}
10. Bb2 {[%clk 1:22:44]} f6 {[%clk 1:30:23]} 11. Rc1 {[%clk 1:20:28]} Qd7 {[%clk
1:28:10]} 12. Ne4 {[%clk 1:15:43]} Bh3 {[%clk 1:24:57]} 13. Nc5 {[%clk 1:10:02]}
Bxc5 {[%clk 1:23:42]} 14. Rxc5 {[%clk 1:10:21]} Bxg2 {[%clk 1:23:06]} 15. Kxg2
{[%clk 1:10:45]} Rfd8 {[%clk 1:19:46]} 16. Nd2 {[%clk 1:01:19]} Nd5 {[%clk
1:15:17]} 17. a3 {[%clk 0:54:16]} Nd4 {[%clk 1:03:01]} 18. b4 {[%clk 0:46:29]} b6
{[%clk 0:49:17]} 19. Rc4 {[%clk 0:41:25]} c5 {[%clk 0:39:41]} 20. bxc5 {[%clk
0:36:41]} bxc5 {[%clk 0:39:04]} 21. Ne4 {[%clk 0:29:26]} Qb7 {[%clk 0:38:06]} 22.
Ba1 {[%clk 0:28:02]} f5 {[%clk 0:37:44]} 23. Rxc5 {[%clk 0:15:23]} fxe4 {[%clk
0:37:32]} 24. dxe4 {[%clk 0:15:40]} Nf6 {[%clk 0:31:30]} 25. Bxd4 {[%clk
0:13:08]} Rxd4 {[%clk 0:26:08]} 26. Qc2 {[%clk 0:13:13]} Qxe4+ {[%clk 0:25:25]}
0-1

[Event "Greek Team Championship"]
[Site "chess24.com"]
[Date "2017.07.06"]
[Round "5"]
[White "Apostolakakis, Konstantinos"]
[Black "Kouskoutis, Georgios-Alexandros"]
[Result "1/2-1/2"]
[Board "8"]
[WhiteElo "2020"]
[WhiteCountry "GRE"]
[WhiteFideId "4259637"]
[WhiteEloChange "6"]
[BlackElo "2242"]
[BlackCountry "GRE"]
[BlackFideId "4234049"]
[BlackEloChange "-6"]

1. e4 {[%clk 1:30:39]} c5 {[%clk 1:30:32]} 2. Nf3 {[%clk 1:31:03]} d6 {[%clk
1:30:40]} 3. d4 {[%clk 1:31:19]} cxd4 {[%clk 1:31:03]} 4. Nxd4 {[%clk 1:31:45]}
Nf6 {[%clk 1:31:25]} 5. Nc3 {[%clk 1:32:03]} g6 {[%clk 1:31:48]} 6. Be3 {[%clk
1:26:49]} Bg7 {[%clk 1:32:12]} 7. Be2 {[%clk 1:26:00]} O-O {[%clk 1:32:02]} 8.
O-O {[%clk 1:25:50]} Nc6 {[%clk 1:31:32]} 9. Nb3 {[%clk 1:18:48]} Be6 {[%clk
1:17:47]} 10. f4 {[%clk 1:14:47]} Qc8 {[%clk 1:00:29]} 11. Kh1 {[%clk 1:03:47]}
Rd8 {[%clk 0:58:08]} 12. Bf3 {[%clk 0:59:46]} d5 {[%clk 0:42:15]} 13. exd5 {[%clk
0:56:34]} Nb4 {[%clk 0:37:26]} 14. Qe2 {[%clk 0:38:19]} Nfxd5 {[%clk 0:33:24]}
15. Nxd5 {[%clk 0:36:54]} Nxd5 {[%clk 0:30:30]} 16. c3 {[%clk 0:35:26]} Nxe3
{[%clk 0:26:42]} 17. Qxe3 {[%clk 0:34:35]} Qc7 {[%clk 0:24:51]} 18. Rfd1 {[%clk
0:27:42]} a5 {[%clk 0:14:12]} 19. Qe4 {[%clk 0:17:30]} Rxd1+ {[%clk 0:07:31]} 20.
Rxd1 {[%clk 0:17:58]} Rb8 {[%clk 0:06:44]} 21. Qa4 {[%clk 0:12:07]} b6 {[%clk
0:04:37]} 22. g3 {[%clk 0:12:01]} Qc4 {[%clk 0:01:44]} 23. Qxc4 {[%clk 0:11:10]}
Bxc4 {[%clk 0:02:10]} 24. Bd5 {[%clk 0:09:26]} Ba6 {[%clk 0:00:59]} 25. a3 {[%clk
0:05:53]} e6 {[%clk 0:01:09]} 26. Bf3 {[%clk 0:06:13]} Bc4 {[%clk 0:00:52]} 27.
Nd2 {[%clk 0:06:02]} Bb5 {[%clk 0:01:07]} 28. Ne4 {[%clk 0:06:04]} Be8 {[%clk
0:00:54]} 29. Kg2 {[%clk 0:03:56]} Kf8 {[%clk 0:01:14]} 30. Kf2 {[%clk 0:02:39]}
Ke7 {[%clk 0:01:39]} 31. Rd2 {[%clk 0:02:47]} h6 {[%clk 0:01:06]} 32. Rd1 {[%clk
0:02:43]} Ba4 {[%clk 0:01:16]} 33. Re1 {[%clk 0:01:33]} Rd8 {[%clk 0:01:16]} 34.
Ke3 {[%clk 0:01:50]} Rd7 {[%clk 0:00:55]} 35. Nd2 {[%clk 0:01:50]} Bb5 {[%clk
0:00:48]} 36. Be2 {[%clk 0:01:56]} Bxe2 {[%clk 0:00:54]} 37. Rxe2 {[%clk
0:02:25]} b5 {[%clk 0:00:59]} 38. Ne4 {[%clk 0:02:43]} f5 {[%clk 0:01:03]} 39.
Nc5 {[%clk 0:02:40]} Rd5 {[%clk 0:00:51]} 40. Nd3 {[%clk 0:32:55]} g5 {[%clk
0:31:04]} 41. Rc2 {[%clk 0:29:22]} Rd8 {[%clk 0:28:11]} 42. c4 {[%clk 0:23:46]}
Bd4+ {[%clk 0:27:52]} 43. Ke2 {[%clk 0:23:41]} bxc4 {[%clk 0:15:03]} 44. Rxc4
{[%clk 0:24:04]} Bg1 {[%clk 0:14:49]} 45. Ne5 {[%clk 0:23:22]} Rg8 {[%clk
0:04:38]} 46. Nf3 {[%clk 0:18:03]} Bb6 {[%clk 0:02:36]} 47. Rc6 {[%clk 0:18:04]}
Bd8 {[%clk 0:01:48]} 48. Nd4 {[%clk 0:03:40]} Kf7 {[%clk 0:02:12]} 49. Rxe6
{[%clk 0:02:18]} Bf6 {[%clk 0:01:54]} 50. Rd6 {[%clk 0:02:38]} gxf4 {[%clk
0:00:55]} 51. Nxf5 {[%clk 0:02:38]} Re8+ {[%clk 0:00:46]} 52. Kf3 {[%clk
0:01:41]} fxg3 {[%clk 0:00:56]} 53. hxg3 {[%clk 0:01:43]} Rb8 {[%clk 0:00:47]}
54. Nxh6+ {[%clk 0:01:38]} Kg7 {[%clk 0:00:49]} 55. Nf5+ {[%clk 0:01:52]} Kg6
{[%clk 0:00:48]} 56. Nh4+ {[%clk 0:01:53]} Kf7 {[%clk 0:00:58]} 57. Rd5 {[%clk
0:02:08]} a4 {[%clk 0:00:53]} 58. Ra5 {[%clk 0:02:20]} Bxb2 {[%clk 0:01:03]} 59.
Rxa4 {[%clk 0:02:40]} Rb3+ {[%clk 0:01:16]} 1/2-1/2

[Event "Greek Team Championship"]
[Site "chess24.com"]
[Date "2017.07.06"]
[Round "5"]
[White "Androutsopoulos-Agiotatos, Vasil"]
[Black "Ioannidis, Evgenios"]
[Result "1/2-1/2"]
[Board "9"]
[WhiteElo "2088"]
[WhiteCountry "GRE"]
[WhiteFideId "4268130"]
[WhiteEloChange "7"]
[BlackElo "2388"]
[BlackTitle "FM"]
[BlackCountry "GRE"]
[BlackFideId "4229274"]
[BlackEloChange "-7"]

1. e4 {[%clk 1:30:50]} c5 {[%clk 1:30:41]} 2. Nf3 {[%clk 1:31:15]} d6 {[%clk
1:31:01]} 3. d4 {[%clk 1:31:43]} cxd4 {[%clk 1:30:21]} 4. Nxd4 {[%clk 1:32:10]}
Nf6 {[%clk 1:30:43]} 5. Nc3 {[%clk 1:32:38]} a6 {[%clk 1:30:57]} 6. Bg5 {[%clk
1:33:05]} e6 {[%clk 1:30:33]} 7. f4 {[%clk 1:32:44]} h6 {[%clk 1:29:44]} 8. Bh4
{[%clk 1:31:41]} Qb6 {[%clk 1:29:36]} 9. a3 {[%clk 1:13:47]} Be7 {[%clk 1:29:17]}
10. Bf2 {[%clk 1:10:40]} Qc7 {[%clk 1:29:32]} 11. Nb3 {[%clk 1:09:03]} b5 {[%clk
1:19:18]} 12. Bd3 {[%clk 1:05:06]} Bb7 {[%clk 1:07:57]} 13. O-O {[%clk 0:59:02]}
Nbd7 {[%clk 0:57:28]} 14. Qe2 {[%clk 0:53:14]} O-O {[%clk 0:53:37]} 15. Rad1
{[%clk 0:45:22]} Rfe8 {[%clk 0:38:26]} 16. h3 {[%clk 0:37:14]} Rac8 {[%clk
0:27:14]} 17. Rfe1 {[%clk 0:28:36]} e5 {[%clk 0:25:09]} 18. f5 {[%clk 0:26:37]}
Nc5 {[%clk 0:19:15]} 19. Nd2 {[%clk 0:22:44]} Nfd7 {[%clk 0:13:31]} 20. Nf1
{[%clk 0:18:54]} Nb6 {[%clk 0:12:54]} 21. Ng3 {[%clk 0:13:26]} Nba4 {[%clk
0:09:30]} 22. Nxa4 {[%clk 0:11:57]} Nxa4 {[%clk 0:09:56]} 23. c3 {[%clk 0:11:11]}
Nb6 {[%clk 0:09:44]} 24. Nh5 {[%clk 0:07:14]} Kh7 {[%clk 0:05:04]} 25. f6 {[%clk
0:06:03]} Bxf6 {[%clk 0:05:29]} 26. Nxf6+ {[%clk 0:06:14]} gxf6 {[%clk 0:05:55]}
27. Be3 {[%clk 0:04:29]} Rg8 {[%clk 0:05:28]} 28. Qf2 {[%clk 0:04:48]} Nc4 {[%clk
0:04:07]} 29. Qf5+ {[%clk 0:02:53]} Rg6 {[%clk 0:04:25]} 30. h4 {[%clk 0:02:44]}
Nxe3 {[%clk 0:03:16]} 31. Rxe3 {[%clk 0:03:13]} Qb6 {[%clk 0:02:26]} 32. Re1
{[%clk 0:03:25]} Kg7 {[%clk 0:02:48]} 33. Kh2 {[%clk 0:03:22]} Rg8 {[%clk
0:02:52]} 34. Rg3 {[%clk 0:01:58]} Rxg3 {[%clk 0:01:20]} 35. Kxg3 {[%clk
0:02:27]} Bc8 {[%clk 0:01:40]} 36. Qf3 {[%clk 0:01:12]} f5 {[%clk 0:00:48]} 37.
exf5 {[%clk 0:00:52]} Bb7 {[%clk 0:00:40]} 38. Be4 {[%clk 0:01:13]} Bxe4 {[%clk
0:00:49]} 39. Rxe4 {[%clk 0:01:22]} Kf6+ {[%clk 0:00:55]} 40. Kh2 {[%clk
0:31:23]} d5 {[%clk 0:30:53]} 41. Qh5 {[%clk 0:11:07]} Qb8 {[%clk 0:30:53]} 42.
Qxh6+ {[%clk 0:06:20]} Kxf5 {[%clk 0:11:51]} 43. Re1 {[%clk 0:03:06]} e4+ {[%clk
0:09:05]} 44. Kh1 {[%clk 0:02:41]} Rg6 {[%clk 0:08:11]} 45. Rf1+ {[%clk 0:01:22]}
Ke6 {[%clk 0:08:36]} 46. Qe3 {[%clk 0:00:43]} Rg4 {[%clk 0:05:11]} 47. Qh6+
{[%clk 0:00:47]} Rg6 {[%clk 0:05:30]} 48. Qe3 {[%clk 0:00:57]} Rg4 {[%clk
0:04:28]} 49. Qf2 {[%clk 0:01:02]} Qg8 {[%clk 0:02:07]} 50. Qf6+ {[%clk 0:00:44]}
Kd7 {[%clk 0:02:36]} 51. Rf5 {[%clk 0:01:06]} Qe8 {[%clk 0:01:36]} 52. Re5 {[%clk
0:00:34]} Rg6 {[%clk 0:01:12]} 53. Qf5+ {[%clk 0:00:34]} Re6 {[%clk 0:01:38]} 54.
Rxd5+ {[%clk 0:01:01]} Kc7 {[%clk 0:01:00]} 55. Qf4+ {[%clk 0:01:04]} Kc6 {[%clk
0:01:01]} 56. Rf5 {[%clk 0:01:06]} e3 {[%clk 0:00:45]} 57. Rxf7 {[%clk 0:01:15]}
Qc8 {[%clk 0:00:48]} 58. Qf3+ {[%clk 0:00:50]} Kb6 {[%clk 0:01:06]} 59. Qe2
{[%clk 0:00:50]} Qd8 {[%clk 0:00:40]} 60. Rf1 {[%clk 0:00:41]} Qxh4+ {[%clk
0:00:49]} 61. Kg1 {[%clk 0:01:10]} Qe4 {[%clk 0:00:43]} 62. Re1 {[%clk 0:01:09]}
1/2-1/2

[Event "Greek Team Championship"]
[Site "chess24.com"]
[Date "2017.07.06"]
[Round "5"]
[White "Kalamoukos, Grigorios"]
[Black "Krallis, Christos"]
[Result "0-1"]
[Board "10"]
[WhiteElo "1331"]
[WhiteCountry "GRE"]
[WhiteFideId "4298020"]
[WhiteEloChange "-2"]
[BlackElo "2218"]
[BlackCountry "GRE"]
[BlackFideId "4298896"]
[BlackEloChange "2"]

1. d4 {[%clk 1:30:56]} Nf6 {[%clk 1:29:56]} 2. Nf3 {[%clk 1:31:16]} c5 {[%clk
1:30:15]} 3. e3 {[%clk 1:30:47]} g6 {[%clk 1:30:25]} 4. Be2 {[%clk 1:30:42]} Bg7
{[%clk 1:30:38]} 5. O-O {[%clk 1:30:54]} O-O {[%clk 1:29:51]} 6. b3 {[%clk
1:30:42]} cxd4 {[%clk 1:29:53]} 7. exd4 {[%clk 1:31:03]} d5 {[%clk 1:30:17]} 8.
Bb2 {[%clk 1:30:32]} Nc6 {[%clk 1:30:20]} 9. Nbd2 {[%clk 1:30:07]} Bf5 {[%clk
1:28:59]} 10. a3 {[%clk 1:27:35]} Rc8 {[%clk 1:27:34]} 11. c4 {[%clk 1:21:19]} a5
{[%clk 1:25:07]} 12. c5 {[%clk 1:15:19]} Nd7 {[%clk 1:24:15]} 13. Bb5 {[%clk
1:13:14]} Nxc5 {[%clk 1:24:34]} 14. Bxc6 {[%clk 1:03:05]} bxc6 {[%clk 1:24:44]}
15. b4 {[%clk 1:01:30]} axb4 {[%clk 1:21:57]} 16. axb4 {[%clk 1:01:36]} Nd7
{[%clk 1:21:08]} 17. Qe2 {[%clk 0:59:03]} Re8 {[%clk 1:17:26]} 18. Rfc1 {[%clk
0:45:49]} Qb6 {[%clk 1:16:28]} 19. Bc3 {[%clk 0:42:07]} Bg4 {[%clk 1:05:51]} 20.
h3 {[%clk 0:39:59]} Bxf3 {[%clk 1:06:01]} 21. Nxf3 {[%clk 0:40:12]} e6 {[%clk
1:04:17]} 22. Ra6 {[%clk 0:38:56]} Qb7 {[%clk 1:03:53]} 23. Rca1 {[%clk 0:38:57]}
Ra8 {[%clk 1:04:15]} 24. Qa2 {[%clk 0:36:55]} Rxa6 {[%clk 1:01:33]} 25. Qxa6
{[%clk 0:37:17]} Qc7 {[%clk 0:59:32]} 26. Qa7 {[%clk 0:34:42]} Rc8 {[%clk
0:54:50]} 27. Ne5 {[%clk 0:30:38]} Nxe5 {[%clk 0:54:09]} 28. Qxc7 {[%clk
0:30:38]} Rxc7 {[%clk 0:53:01]} 29. Ra8+ {[%clk 0:30:59]} Bf8 {[%clk 0:53:12]}
30. dxe5 {[%clk 0:31:23]} Kg7 {[%clk 0:52:48]} 31. Rb8 {[%clk 0:28:08]} c5 {[%clk
0:46:51]} 32. b5 {[%clk 0:25:50]} d4 {[%clk 0:46:03]} 33. b6 {[%clk 0:24:55]} Rd7
{[%clk 0:40:47]} 34. Bxd4 {[%clk 0:19:33]} Rxd4 {[%clk 0:40:06]} 35. b7 {[%clk
0:19:24]} Rb4 {[%clk 0:40:31]} 36. Kf1 {[%clk 0:19:01]} c4 {[%clk 0:40:25]} 37.
Ke2 {[%clk 0:19:10]} Rb2+ {[%clk 0:40:34]} 38. Kd1 {[%clk 0:18:45]} c3 {[%clk
0:40:47]} 39. Rc8 {[%clk 0:18:16]} Rxb7 {[%clk 0:40:57]} 40. Rxc3 {[%clk
0:48:37]} Rb5 {[%clk 1:11:13]} 41. f4 {[%clk 0:48:49]} h5 {[%clk 1:11:24]} 42. h4
{[%clk 0:49:00]} Be7 {[%clk 1:11:41]} 43. g3 {[%clk 0:48:57]} Rb2 {[%clk
1:11:37]} 44. Ke1 {[%clk 0:48:28]} Bb4 {[%clk 1:11:37]} 0-1

[Event "Greek Team Championship"]
[Site "chess24.com"]
[Date "2017.07.06"]
[Round "5"]
[White "David, Alberto"]
[Black "Mastrovasilis, Dimitrios"]
[Result "1-0"]
[Board "1"]
[WhiteElo "2567"]
[WhiteTitle "GM"]
[WhiteCountry "ITA"]
[WhiteFideId "4000013"]
[WhiteEloChange "5"]
[BlackElo "2580"]
[BlackTitle "GM"]
[BlackCountry "GRE"]
[BlackFideId "4202694"]
[BlackEloChange "-5"]

1. Nf3 {[%clk 1:30:56]} d5 {[%clk 1:28:46]} 2. g3 {[%clk 1:31:13]} c6 {[%clk
1:28:30]} 3. Bg2 {[%clk 1:31:32]} Bf5 {[%clk 1:27:57]} 4. O-O {[%clk 1:30:28]} e6
{[%clk 1:28:07]} 5. d3 {[%clk 1:28:11]} Nf6 {[%clk 1:28:08]} 6. Nh4 {[%clk
1:26:17]} Bg4 {[%clk 1:22:41]} 7. h3 {[%clk 1:25:19]} Bh5 {[%clk 1:22:29]} 8. f4
{[%clk 1:19:53]} Be7 {[%clk 1:18:55]} 9. Qe1 {[%clk 1:18:23]} Nfd7 {[%clk
1:18:55]} 10. Nf3 {[%clk 1:18:23]} Qb6+ {[%clk 1:18:55]} 11. Kh1 {[%clk 1:14:40]}
Bxf3 {[%clk 1:08:39]} 12. Bxf3 {[%clk 1:14:22]} h5 {[%clk 1:08:31]} 13. e4 {[%clk
1:07:07]} dxe4 {[%clk 1:07:02]} 14. Qxe4 {[%clk 1:06:36]} Nf6 {[%clk 0:59:35]}
15. Qe2 {[%clk 1:05:13]} Nbd7 {[%clk 0:57:49]} 16. Nd2 {[%clk 1:02:40]} Qc7
{[%clk 0:42:53]} 17. Nc4 {[%clk 1:00:11]} Nd5 {[%clk 0:30:46]} 18. Bg2 {[%clk
0:58:16]} Bf6 {[%clk 0:29:08]} 19. a4 {[%clk 0:45:20]} N5b6 {[%clk 0:23:40]} 20.
Nd2 {[%clk 0:41:44]} Nc8 {[%clk 0:20:46]} 21. f5 {[%clk 0:33:01]} e5 {[%clk
0:21:08]} 22. a5 {[%clk 0:33:24]} a6 {[%clk 0:21:13]} 23. d4 {[%clk 0:30:13]} Nd6
{[%clk 0:17:35]} 24. dxe5 {[%clk 0:25:46]} Bxe5 {[%clk 0:17:53]} 25. Nf3 {[%clk
0:25:22]} f6 {[%clk 0:14:39]} 26. Nd4 {[%clk 0:24:45]} Nf8 {[%clk 0:12:44]} 27.
Bf4 {[%clk 0:24:25]} O-O-O {[%clk 0:07:13]} 28. Bxe5 {[%clk 0:21:01]} fxe5 {[%clk
0:07:41]} 29. Qxe5 {[%clk 0:21:21]} Nc4 {[%clk 0:07:43]} 30. Qxc7+ {[%clk
0:18:24]} Kxc7 {[%clk 0:08:11]} 31. Rf4 {[%clk 0:15:56]} Ne3 {[%clk 0:03:14]} 32.
Re1 {[%clk 0:15:40]} Nxg2 {[%clk 0:02:38]} 33. Kxg2 {[%clk 0:16:05]} Rh6 {[%clk
0:03:00]} 34. Re7+ {[%clk 0:12:32]} Rd7 {[%clk 0:03:11]} 35. Re8 {[%clk 0:12:40]}
c5 {[%clk 0:01:40]} 36. Nb3 {[%clk 0:11:44]} Rf6 {[%clk 0:01:54]} 37. Nxc5 {[%clk
0:08:42]} Rd2+ {[%clk 0:01:57]} 38. Kf3 {[%clk 0:08:50]} Rxc2 {[%clk 0:00:52]}
39. Ne4 {[%clk 0:09:05]} Rf7 {[%clk 0:00:39]} 40. Ng5 {[%clk 0:39:16]} Kd7 {[%clk
0:30:37]} 41. Rb8 {[%clk 0:38:54]} Rf6 {[%clk 0:30:08]} 42. Rd4+ {[%clk 0:38:07]}
1-0